01318 a2200301 4500003000500000005001700005010001700022020002200039020002200061020002400083020002500107020002500132020002700157035002400184040000900208082001600217100002100233245009600254246002000350260003200370300003400402490005700436505040100493650002500894650003400919700001700953830004600970Nust20220804135318.0 a 2008942518 a1848001908 (pbk.) a1848001940 (pbk.) a1848001959 (e-book) a9781848001909 (pbk.) a9781848001947 (pbk.) a9781848001954 (e-book) a(OCoLC)ocn262720240 cNust04a621.367,BUR1 aBurger, Wilhelm.10aPrinciples of digital image processing :bcore algorithms /cWilhelm Burger, Mark J. Burge.3 aCore algorithms aLondon :bSpringer,cc2009. axii, 327 p. :bill. ;c24 cm.1 aUndergraduate topics in computer science,x1863-7310 aIntroduction (Page-1), Regions in Binary Images (Page-5), Detecting Simple Curves (Page-49), Corner Detection. (Page-69), Color Quantization (Page-85), Colorimetric Color Spaces (Page-97), Introduction to spectral techniques (Page-125), The Discrete Fourier Transform in 2D (Page-157), The Discrete Cosine Transform (DCT) (Page-183), Geometric Operations (Page-191), Comparing Images (Page-255) 0aComputer algorithms. 0aTelecommunication Engineering1 aBurge, Mark. 0aUndergraduate topics in computer science.